|
|
|
|
| LEADER |
00000cam a2200000 7i4500 |
| 001 |
0000037382 |
| 005 |
20131002.0 |
| 008 |
131002 |
| 020 |
|
|
|a 1855015994
|
| 090 |
0 |
0 |
|a 646.21
|b SOF
|
| 245 |
1 |
0 |
|a Creative crafts for to creative hands :
|b soft furnishings :
|b how to make beautiful gift and objects for the home, from basic techniques to finishing touches
|
| 260 |
|
|
|a London :
|b Tiger Books International ,
|c 1995
|
| 440 |
|
|
|a Creative crafts for creative hands
|
| 650 |
|
0 |
|a House furnishings
|
| 650 |
|
0 |
|a Interior decoration
|
| 650 |
|
0 |
|a Sewing
|
| 999 |
|
|
|a 0000549652
|b Book
|c Adult Collection
|e Cawangan Muar
|
| 999 |
|
|
|a 0000571933
|b Book
|c Adult Collection
|e Cawangan Pontian
|
| 999 |
|
|
|a 0000571940
|b Book
|c Adult Collection
|e Cawangan Bandar Penawar
|
| 999 |
|
|
|a 0000571945
|b Book
|c Adult Collection
|e Cawangan Muar
|
| 999 |
|
|
|a 0001243393
|b Book
|c Adult Collection
|e Perbadanan Perpustakaan Awam Johor
|